000 00708nas a2200241 4500
001 BR7908860
003 BR-BrBNA
005 20231205084049.0
007 ta
008 230509b bl.|||p| |||| 00| 00por d
040 _aBR-BrBNA
_bpor
_cBiblioteca Nacional de Agricultura
041 _a(Pt)
072 _aP05
100 1 _aAnon.
245 1 _aLixo gera combustivel [recurso energetico, gas, Brasil]
650 _aRECURSO ENERGETICO
650 _aRESIDUO
650 _aGAS
650 _aCOMBUSTIVEL
773 0 _tAtualidades do Conselho Nacional do Petroleo (Brazil)
_xISSN 0100-1471
_g(Mar-Apr 1979), v. 11(65) p. 31
_wBR7908860
909 _a202311
_bLúcia
_c55
_dLúcia Elande
942 _2AGRIS
_n0
_cANA
999 _c102904
_d102904